Изменение почв при окультуривании, их классификация и диагностика (Запись № 8577346)

Подробности
000 -МАРКЕР
контрольное поле 02128nam0a22003011 4500
001 - ИДЕНТИФИКАТОР ЗАПИСИ
контрольное поле rc\4437980
005 - ИДЕНТИФИКАТОР ВЕРСИИ
контрольное поле 20260407165806.0
021 ## - НОМЕР ГОСУДАРСТВЕННОЙ РЕГИСТРАЦИИ
Код страны Российская Федерация
Номер [65-65967]
035 ## - ДРУГИЕ СИСТЕМНЫЕ НОМЕРА
Идентификатор записи (NLR Aleph) 008579723
100 ## - ДАННЫЕ ОБЩЕЙ ОБРАБОТКИ
Данные общей обработки 20130416d1965 |||y0rusy50 ca
101 0# - ЯЗЫК РЕСУРСА
Язык текста, звукозаписи и т.д. русский
102 ## - СТРАНА ПУБЛИКАЦИИ ИЛИ ПРОИЗВОДСТВА
Страна публикации Российская Федерация
105 ## - ПОЛЕ КОДИРОВАННЫХ ДАННЫХ: ТЕКСТОВЫЕ МАТЕРИАЛЫ, МОНОГРАФИЧЕСКИЕ
Кодированные данные о монографическом текстовом документе a z |||||
200 1# - ЗАГЛАВИЕ И СВЕДЕНИЯ ОБ ОТВЕТСТВЕННОСТИ
Основное заглавие Изменение почв при окультуривании, их классификация и диагностика
Сведения, относящиеся к заглавию Материалы Междунар. науч.-метод. совещания науч. учреждений соц. стран, состоявшегося в г. Москве 20-26 мая 1964 г.
Первые сведения об ответственности [Отв. ред.: действ. чл. Акад. наук Тадж. ССР проф. И.Н. Антипов-Каратаев, д-р с.-х. наук С.И. Долгов]
Последующие сведения об ответственности М-во сел. хозяйства. Всесоюз. ордена Ленина акад. с.-х. наук им. В.И. Ленина. Почв. ин-т им. В.В. Докучаева
210 ## - ПУБЛИКАЦИЯ, РАСПРОСТРАНЕНИЕ И ДР.
Место издания, распространения и т.д. Москва
Имя издателя, распространителя и т. д. Колос
Дата издания, распространения и т.д. 1965
215 ## - ФИЗИЧЕСКАЯ ХАРАКТЕРИСТИКА
Специфическое обозначение материала и объем 339 с.
Другие сведения о физической характеристике ил.
Размеры 21
606 ## - НАИМЕНОВАНИЕ ТЕМЫ КАК ПРЕДМЕТ
Наименование темы Почвы
Тематический подзаголовок Оккультуривание
Формальный подзаголовок Сборники
Код системы psbo
606 ## - НАИМЕНОВАНИЕ ТЕМЫ КАК ПРЕДМЕТ
Наименование темы Почвы
Географический подзаголовок Страны социалистического лагеря
Код системы psbo
702 #1 - ИМЯ ЛИЦА - ВТОРИЧНАЯ ОТВЕТСТВЕННОСТЬ
Начальный элемент ввода Долгов
Часть имени, кроме начального элемента ввода С.И.
Код отношения Редактор
702 #1 - ИМЯ ЛИЦА - ВТОРИЧНАЯ ОТВЕТСТВЕННОСТЬ
Начальный элемент ввода Антипов-Каратаев
Часть имени, кроме начального элемента ввода И.Н.
Расширение инициалов личного имени Иван Николаевич
Код отношения Редактор
712 02 - НАИМЕНОВАНИЕ ОРГАНИЗАЦИИ - ВТОРИЧНАЯ ОТВЕТСТВЕННОСТЬ
Начальный элемент ввода Всесоюзная акад. с.-х. наук им. В.И. Ленина
712 12 - НАИМЕНОВАНИЕ ОРГАНИЗАЦИИ - ВТОРИЧНАЯ ОТВЕТСТВЕННОСТЬ
Начальный элемент ввода Международное научно-методическое совещание научных учреждений социалистических стран по проблеме "Изменение почв при окультуривании, их классификация и диагностика как основа для разработки эффективных методов повышения плодородия почв"
Дата проведения временной организации 1964
Место проведения временной организации Москва
Идентификатор авторитетной/нормативной записи RU\NLR\AUTH\8810105484
Системный номер авторитетной/нормативной записи 711302
801 #0 - ИСТОЧНИК ЗАПИСИ
Страна Российская Федерация
Организация NLR
Правила каталогизации psbo
801 #1 - ИСТОЧНИК ЗАПИСИ
Страна Российская Федерация
Организация ELAR
Источник данных rusmarc
852 ## - МЕСТОНАХОЖДЕНИЕ И ШИФР ХРАНЕНИЯ
Идентификатор организации NLR
Шифр хранения (Call Number) 65-3/4340
942 ## - ДОПОЛНИТЕЛЬНЫЕ ЭЛЕМЕНТЫ ЗАПИСИ (АБИС)
Тип экземпляра АБИС Книга
980 ## - КОЛЛЕКЦИЯ
Название коллекции Национальная библиография
Экземпляры
Тип экземпляра Дата поступления Библиотека постоянного хранения Библиотека текущего хранения Место хранения Шифр хранения Штрих-код Статус экземпляра
Книга 26.10.2013 РНБ (Московский) РНБ (Московский) Русский книжный фонд: издания с 1957 года 65-3/4340 8579723-10